| 000 | 01146nam a2200337 4500 | ||
|---|---|---|---|
| 001 | 0000013435 | ||
| 003 | CO-CtgCURN | ||
| 005 | 20250506161331.0 | ||
| 007 | ta | ||
| 008 | 160627s1976 000 0 eng d | ||
| 020 | _a9589093140 | ||
| 040 |
_aCO-CtgCURN _bspa _ccoctgcurn |
||
| 082 | 0 |
_a320.5 _bS11h |
|
| 100 | 1 | _aSabine, George H. | |
| 245 | 1 | 0 |
_aHistoria de la teoria política / _cGeorge H. Sabine , traducción Vicente Herrero. |
| 260 |
_aBogotá : _bFondo de Cultura Economica, _c1976. |
||
| 300 | _a677 p. | ||
| 336 | _2rdacontent | ||
| 337 |
_2rdamedia _asin mediacion _bn |
||
| 338 |
_2rdacarrier _avolumen _bnc |
||
| 490 | 1 | _aSección de obras de política | |
| 504 | _aBibliografia al final de cada capitulo. | ||
| 505 | 8 | _aLa teoria de la ciudad-estado.--La teoria de la comunidad universal.--La teoria del estado nacional | |
| 650 | 1 | 4 |
_aEstado _xTeorias. |
| 650 | 1 | 4 | _aFilosofia política. |
| 650 | 1 | 4 |
_aTeorias políticas _xHistoria. |
| 700 | 1 |
_aHerrero, Vicente, _eTraductor. |
|
| 908 | _a160627 | ||
| 942 |
_cBK _h320.5 _iS11h _2ddc _n0 |
||
| 999 |
_c17898 _d17898 |
||